000 00592nam a2200205Ia 4500
005 20250508154536.0
008 008 250505s9999 xx 000 0 eng d
037 _aTextBook
040 _aFEDL
_beng
_cFEDL
041 _aeng
_2eng
084 _a371.95, GOL
_qFEDL
100 _aGold Milton J
_9765601
245 0 _aEducation of the intellectually gifted
260 _aColumbus
_bCharles E. Merrill Publishing Company
_c1965
300 _aviii,472p
365 _aINR
_b41.74
650 _aGifted Students
_9762770
942 _cTB
_h371.95, GOL
999 _c1350823
_d1350823